| 000 | 00443nam a22001697a 4500 | ||
|---|---|---|---|
| 003 | NUST - PNEC | ||
| 005 | 20170116180847.0 | ||
| 008 | 150824b xxu||||| |||| 00| 0 eng d | ||
| 020 | _a9971511479 | ||
| 040 | _cLIBRARY | ||
| 082 | _a537 RAM | ||
| 100 |
_95491 _aRamo, Simon |
||
| 245 |
_aFields and waves in communication electronics _cSimon Ramo |
||
| 250 | _a3rd ed. | ||
| 650 |
_95493 _aTelecommunication _xEL, MS COMM |
||
| 942 |
_2ddc _cBK |
||
| 999 |
_c64486 _d64486 |
||